| 000 | 00540cam a22001697a 4500 | ||
|---|---|---|---|
| 008 | 180718b1995 xxu||||| |||| 00| 0 eng d | ||
| 020 | _a8120410564 | ||
| 082 | _aY21 D535 | ||
| 100 | _aFirst world mining environment congress (Dec.11-14, 1995: New Delhi) | ||
| 245 |
_aProceedings _cedited by Bharat B. Dhar and D.N. Thakur |
||
| 260 |
_aNew Delhi _bOxford & IBH _c1995 |
||
| 300 | _a1038p. | ||
| 650 | _aMineral industries - Environmental aspects | ||
| 650 | _aMIning Engineering | ||
| 700 | _aThakur, D.N. | ||
| 700 | _aDhar, Bharat B. | ||
| 999 |
_c492441 _d492441 |
||